01782cam a22003854i 4500003000900000005001700009008004100026035002000067040003300087100003900120245006500159264001000224300002100234336002100255337002500276338002300301502005900324504002400383520083000407526001001237526001001247526000901257526000901266526000901275526000901284526000901293526000901302526000901311526000801320526000801328526000801336526000801344526000801352650003601360PE-LiUPU20250731165436.0160510s2006 pe a grm 000 0 spa d a(Sirsi) a156644 aPE-LiUPUbspacPE-LiUPUerda1 aMendoza Alfaro, Juan Carloseautor1 aExégesis de 1 Timoteo 4:4-5 /cJuan Carlos Mendoza Alfaro. 0c2006. a46 hojas c29 cm atext2rdacontent aunmediated2rdamedia avolume2rdacarrier aTesisb(Lic.) -- cUniversidad Peruana Unión,d2006. aIncluye referencias3 aEl cristianismo en el siglo I tuvo una infinidad de problemas: sociales y religiosos. Pablo tuvo que enfrentar en cada iglesia las falsas doctrinas y los falsos maestros que merodeaban la iglesia pero ala vez se estaban introduciendo ala misma. Cuándo pablo escribe a Timoteo estando este como pastor en la iglesia de Éfeso, lo hace con el propósito de mantener alerta a Timoteo frente alas doctrinas falsas que estaban en apogeo en el ambiente cristiano. Pablo le dice: habrá hombres que tendrán la conciencia cauterizada y prohibirán el matrimonio y abstenerse de ciertos alimentos. Pero el apóstol pablo le dice que nada debe de rechazarse si se recibe en acción de gracias, por todo lo creado por Dios es bueno si se lo recibe en acción de gracias, por que es santificado por medio de la oración. aSEG44 aSEG26 aP151 aP150 aP149 aP146 aP145 aP126 aP125 aP92 aP75 aP74 aP27 aP1504aBibliaxTimoteo IxComentarios.